Diana (un'avventura estiva) /

সংরক্ষণ করুন:
গ্রন্থ-পঞ্জীর বিবরন
প্রধান লেখক: Poggi, Marco, (1967-)
অন্যান্য লেখক: Ripa di Meana, Marina
বিন্যাস: গ্রন্থ
ভাষা:ইতালিয়
প্রকাশিত: Molinella : Le mondine, 2003
ট্যাগগুলো: ট্যাগ যুক্ত করুন
কোনো ট্যাগ নেই, প্রথমজন হিসাবে ট্যাগ করুন!

MARC

LEADER 00000nam a22000007i 4500
001 IT\ICCU\MOD\1005091
003 ItRI
005 20260115231957.0
008 060519s2003 it |||||| ||||| |||||c
020 |a 8890092815 
040 |b ita  |c importazione bologna sebina 
041 7 |a ita  |2 ISO-639-2 
100 1 |a Poggi, Marco,  |d  (1967-)  |0 IT\ICCU\MILV\116771 
245 1 0 |a Diana (un'avventura estiva) /  |c di Marco Poggi ; prefazione di Marina Ripa di Meana. 
260 |a Molinella :  |b Le mondine,  |c 2003 
300 |a 142 p. ;  |c 19 cm. 
700 1 |a Ripa di Meana, Marina  |0 IT\ICCU\CFIV\080650 
790 0 |a Marina  |c  (Ripa di Meana)  |3 IT\ICCU\CFIV\116322  |z Ripa di Meana, Marina 
790 1 |a Lante della Rovere, Marina  |3 IT\ICCU\CFIV\016500  |z Ripa di Meana, Marina 
790 1 |a Punturieri, Marina Elide  |3 IT\ICCU\SBNV\047998  |z Ripa di Meana, Marina 
942 |2 ddc  |c BK  |n 0 
952 |0 0  |1 0  |4 0  |6 DOC_853_920000000000000_POG  |7 0  |9 18353  |a BO  |b BO  |d 2026-01-15  |i 15169  |l 0  |o DOC 853.92 POG  |p BO15169  |r 2026-01-15 23:19:57  |w 2026-01-15  |x [Sebina 5] [1 v.]  |y BK  |z 1 v. 
999 |c 15534  |d 15534